| 000 | 00687nam a2200181 a 4500 | ||
|---|---|---|---|
| 001 | 000046085 | ||
| 005 | 20201002052629.0 | ||
| 008 | 150617s2011 dr ac 000 0 spa d | ||
| 020 | _a9789945877601 | ||
| 040 |
_aDO-SdBNP _bspa _cBNPHU |
||
| 100 | 1 |
_aMena García, Luis _d1940- _920941 |
|
| 245 | 1 | 0 |
_a100 años del hipismo dominicano. : _bestadísticas hípicas Dominicanas, los más ganadores / _cLuis Mena García ; prólogo Enríque -Tuto- Mota. |
| 246 | 1 | 2 | _aCien años del hipismo dominicano |
| 260 |
_aSanto Domingo, : _bImpresos G y C., _c2011. |
||
| 300 |
_a148 : _bil., retrs. ; _c21 cm. |
||
| 500 | _aIncluye datos biográficos del autor. | ||
| 700 | 1 |
_aMota, Enrique _cTuto _974154 |
|
| 999 |
_c45574 _d45574 |
||